000 01110cam a22003137a 4500
003 CHAP
005 20220329135041.0
008 971013s1977 r 00010 d
010 _a30136
011 _a31108
035 _a35220
040 _cCHAP
082 _a633.15
_bL5
100 0 0 _aLira Saldívar, Ricardo Hugo.
_967062
245 0 _aDeterminación del calendario óptimo de riegos en el cultivo del maíz para híbridos H-419 y H-509 en el Valle del Yaqui, Son.
260 _aCd. Obregón, Son. :
_bINIA. Centro de Investigaciones Agrícolas del Noroeste,
_c1977
300 _a87 p.
590 _aBATCH-UPD
_b10
_c20130110
_lUCH01
_h0222
590 _aBATCH-UPD
_b10
_c20130110
_lUCH01
_h2314
590 _aBATCH-UPD
_b10
_c20130409
_lUCH01
_h2242
590 _aBATCH-UPD
_b10
_c20130410
_lUCH01
_h1605
590 _aBATCH-UPD
_b10
_c20130914
_lUCH01
_h1749
590 _aCONVERSION
_b10
_c20130109
_lUCH01
_h1317
650 1 4 _aMaíz
_xIrrigación.
_970998
650 1 4 _aMaíz
_xSonora.
_971063
901 _aBK
942 _cLIBRO
949 _a633.15 L5
_bBC
_cLIBRO
_d33724000207221
_eLIBRO
_h42900
_i35220
_mD
_si
999 _c30136
_d30136